00367 2200157 4500001002100000005001500021035002000036245003000056100001300086300002600099260002800125082000800153084001400161020002200175990001200197INLIS00000000000302920250918114424 a0010-09250003761 aTokyo In Love /cAiu Ahra0 aAiu Ahra a200 hlm ;c13 x 19 cm aJakarta :bZettu,c2013 a813 a813 AIU t a978-602-7735-33-0 a0755607